LIBRARY ONLINE CATALOGUE

Principles and practice of insurance / (Record no. 6217)

MARC details
000 -LEADER
fixed length control field 00617nam a22002052 4500
001 - CONTROL NUMBER
control field 0000003078
005 - DATE AND TIME OF LATEST TRANSACTION
control field 20151217151914.0
008 - FIXED-LENGTH DATA ELEMENTS--GENERAL INFORMATION
fixed length control field 070426s xx 000 0 eng d
020 ## - INTERNATIONAL STANDARD BOOK NUMBER
International Standard Book Number 8176637793 :
Terms of availability KES 350
040 ## - CATALOGING SOURCE
Original cataloging agency KABU
Transcribing agency KABU
050 #0 - LIBRARY OF CONGRESS CALL NUMBER
Classification number HG8051
Item number .P36 1985
100 1# - MAIN ENTRY--PERSONAL NAME
Personal name Panda, Ghanashyam.
-- 0000152711
245 10 - TITLE STATEMENT
Title Principles and practice of insurance /
Statement of responsibility, etc. Ghanashyam Panda.
260 ## - PUBLICATION, DISTRIBUTION, ETC. (IMPRINT)
Place of publication, distribution, etc. Ludhiana :
Name of publisher, distributor, etc. Kalyani Publishers,
Date of publication, distribution, etc. 1985.
300 ## - PHYSICAL DESCRIPTION
Extent 675 p. ;
Dimensions 22 cm.
650 #0 - SUBJECT ADDED ENTRY--TOPICAL TERM
Topical term or geographic name as entry element Insurance
Geographic subdivision India.
-- 0000152712
908 ## - PUT COMMAND PARAMETER (RLIN)
Put command parameter 070426
950 ## - LOCAL HOLDINGS (RLIN)
-- 1
Holdings
Withdrawn status Lost status Source of classification or shelving scheme Not for loan Home library Current library Date acquired Total Checkouts Full call number Barcode Date last seen Date last checked out Price effective from Koha item type
    Library of Congress Classification   Kabarak, Main Campus Kabarak, Main Campus 17/12/2015 1 HG8051 .P36 1985 007063 22/02/2016 21/01/2016 17/12/2015 General Collection